Makroekonomický vývoj ČR v roce 1994

Všeobecné podmienky ekonomiky, vývoj HDP. Vývoj domácností. Vývoj peňažných príjmov obyvateľstva. Vývoj investícií. Vývoj bytovej výstavby. Vývoj zamestnanosti. Vývoj nezamestnanosti. Cenový vývoj. Menový a devízový vývoj. Finančný vývoj. Vývoj kapitálového trhu. Vývoj privatizácie.

Guardado en:
Detalles Bibliográficos
Autor principal: Gejdoš, V.
Formato: Capítulo de libro
Lenguaje:checo
Materias:
Etiquetas: Agregar Etiqueta
Sin Etiquetas, Sea el primero en etiquetar este registro!

MARC

LEADER 00000naa a2200000 4500
001 r018509
005 20221205102800.3
041 0 |a cze 
044 |a CZ 
245 1 0 |a Makroekonomický vývoj ČR v roce 1994  |c V. Gejdoš 
520 |a Všeobecné podmienky ekonomiky, vývoj HDP. Vývoj domácností. Vývoj peňažných príjmov obyvateľstva. Vývoj investícií. Vývoj bytovej výstavby. Vývoj zamestnanosti. Vývoj nezamestnanosti. Cenový vývoj. Menový a devízový vývoj. Finančný vývoj. Vývoj kapitálového trhu. Vývoj privatizácie. 
610 2 0 |a makroekonomika 
610 2 0 |a vývoj hospodársky 
610 2 0 |a Česko 
610 2 0 |a 1994 
610 2 0 |a vývoj menový 
610 2 0 |a financie 
610 2 0 |a trh kapitálový 
610 2 0 |a ceny 
610 2 0 |a privatizácia 
610 2 0 |a devízy 
610 2 0 |a ukazovatele ekonomické 
610 2 0 |a ukazovatele štatistické 
100 1 |a Gejdoš, V.